00490nam a2200193 a 4500001001300000003000900013005001700022008004100039020002200080082001900102100002000121245003200141260003600173300001000209500003500219505001000254650001200264700002000276nice12345678IN_TiNIC20260116014545.0140917s2008 mada grp 000 0 eng  a8171201458 c9000a294.5921bPRA1 aPrabhavananda,  aSpiritual Heritage of India aMadrasbRamakrishna Math c2008 a374p  aincludes index and biblioraphy2 aindex aVedanta1 aPrabhavananda,